NCERT Summary - Indian Polity (Record no. 176426)

MARC details
000 -LEADER
fixed length control field 00373nam a22001697a 4500
005 - DATE AND TIME OF LATEST TRANSACTION
control field 20251106133058.0
020 ## - INTERNATIONAL STANDARD BOOK NUMBER
ISBN 9789356818200
041 ## - LANGUAGE CODE
Language code of text/sound track or separate title English
082 ## - DEWEY DECIMAL CLASSIFICATION NUMBER
Classification number 001 R25 GKP
100 ## - MAIN ENTRY--AUTHOR NAME
Personal name GKP Editorial
245 ## - TITLE STATEMENT
Title NCERT Summary - Indian Polity
250 ## - EDITION STATEMENT
Edition statement 01
260 ## - PUBLICATION, DISTRIBUTION, ETC. (IMPRINT)
Place of publication Haryana
Name of publisher G.K.Publications
Year of publication 2025
300 ## - PHYSICAL DESCRIPTION
Number of Pages 200
365 ## - TRADE PRICE
Price amount 275.00
942 ## - ADDED ENTRY ELEMENTS (KOHA)
Koha item type Books
Holdings
Withdrawn status Lost status Home library Current library Shelving location Date acquired Cost, normal purchase price Full call number Accession Number Cost, replacement price Department Koha item type
    PSG-CAS LIBRARY PSG-CAS LIBRARY Compitive Exam Study Centre 06/11/2025 275.00 001 R25 GKP 152530 275.00 Competitive Exams Books
    PSG-CAS LIBRARY PSG-CAS LIBRARY Compitive Exam Study Centre 06/11/2025 275.00 001 R25 GKP 152531 275.00 Competitive Exams Books

Contact Us:

PSGCAS LIBRARY
Phone: 04224303300
Website: http://www.psgcas.ac.in/ | Email: psgcaslib@gmail.com


You are Visitor Number

web counter